[Event "Peace Tournament 2018"]
[Site "Zagreb"]
[Date "2018.11.19"]
[Round "7.3"]
[White "Zelcic, Robert"]
[Black "Malakhov, Vladimir"]
[Result "1/2-1/2"]
[WhiteElo "2508"]
[BlackElo "2654"]
[Annotator "TA"]
[PlyCount "90"]
[EventDate "2018.11.12"]
[EventType "tourn"]
[EventCountry "CRO"]
[SourceTitle "playchess.com"]
[Source "ChessBase"]
[SourceQuality "1"]

{[%evp 19,90,3,16,0,10,0,33,0,0,0,0,0,0,0,5,0,0,0,13,15,14,0,0,0,0,0,0,0,0,0,0,-5,0,-23,-22,-22,-22,-22,-22,-22,-22,-22,-22,-22,-22,-31,-22,-21,-27,-73,-70,-74,-61,-58,-30,-104,-104,-104,-104,-104,-104,-104,-104,-110,-58,-63,-63,-78,0,0,0,0,8]} 1. e4 d6 2. d4 Nf6 3. Nc3 g6 4. Nf3 Bg7 5. Be2 O-O 6. O-O c6 7. a4 Qc7 8. Be3 e5 9. h3 exd4 {B08: Pirc Defence: Classical System} (9... Nbd7 10. Qd2 exd4 11. Bxd4 Re8 12. Bd3 Ne5 13. Nxe5 dxe5 14. Be3 Be6 15. a5 Bf8 16. Na4 Nd7 17. b4 b5 18. axb6 axb6 {1-0 (40) Quparadze,G (2506)-Aronian,L (2805) Riadh 2017}) 10. Bxd4 Re8 {LiveBook: 5 Games} 11. Bd3 Nbd7 {[%cal Bb8d7,Bd7c5,Bc5d3][%mdl 32]} 12. Re1 Nc5 $146 ({Predecessor:} 12... Ne5 13. Nxe5 dxe5 14. Be3 Be6 15. Qd2 {½-½ (15) Vargic,D (2297)-Medak,B (2268) Pula 2000}) 13. e5 Nxd3 14. Qxd3 Bf5 15. Qd2 dxe5 16. Bxe5 Qd8 {Threatening ...Qxd2.} 17. Rad1 Qxd2 18. Rxd2 Bh6 19. Rde2 Nd7 20. Bd6 Rxe2 21. Rxe2 Bg7 22. g4 Be6 23. Ng5 Bxc3 24. bxc3 Re8 25. f4 {Hoping for f5!} h6 26. Nf3 Nb6 27. a5 Nc4 28. Bc5 Ra8 29. Nd4 Bd5 $36 {[%mdl 2048] Black has the initiative.} 30. Nb3 b6 31. axb6 axb6 32. Bd4 f5 33. Nd2 c5 34. Bf6 Kf7 35. Bh4 Nxd2 36. Rxd2 $17 {[%mdl 4096] Endgame KRB-KRB} Ke6 37. Kh2 (37. gxf5+ $11 gxf5 38. Bf6) 37... Ra2 38. Bd8 b5 $1 {[%cal Bb6b5,Bb5b4][%mdl 32] Threatens to win with ...b4.} 39. Bb6 {[#]} b4 $1 {[%cal Rb4b3]} 40. cxb4 cxb4 {White must now prevent ...b3.} 41. Rf2 {[#]} Be4 ({Black should try} 41... Kd6 $1 $17 {...Be4 is the strong threat.} 42. gxf5 gxf5) 42. Bc5 $15 Rb2 $1 43. Kg3 h5 ({Much worse is} 43... Rxc2 44. Rxc2 Bxc2 45. Bxb4 $11) (43... Kd5 $17 44. Bf8 Kc4 45. Bxh6 Bxc2) 44. gxh5 $11 gxh5 45. Kh4 Rxc2 {Precision: White = 64%, Black = 71%.} 1/2-1/2

[Event "Peace Tournament 2018"]
[Site "Zagreb"]
[Date "2018.11.09"]
[Round "7.4"]
[White "Amin, Bassem"]
[Black "Jovanovic, Zoran"]
[Result "1-0"]
[WhiteElo "2709"]
[BlackElo "2537"]
[Annotator "TA"]
[PlyCount "85"]
[EventDate "2018.11.12"]
[EventType "tourn"]
[EventCountry "CRO"]
[SourceTitle "playchess.com"]
[Source "ChessBase"]
[SourceQuality "1"]

{[%evp 22,85,45,43,84,90,75,66,58,41,54,38,90,-37,89,91,123,104,142,131,146,139,130,116,135,123,129,129,129,129,147,132,185,147,188,182,170,175,185,161,154,168,212,204,210,160,507,618,620,609,616,618,593,579,812,753,811,803,792,788,837,811,793,772,734,661]} 1. e4 g6 2. d4 Bg7 3. c4 d6 4. Nc3 c6 5. Be3 e5 6. Nge2 Nf6 7. f3 Nbd7 8. Qd2 O-O 9. d5 cxd5 10. cxd5 a6 11. g4 h5 12. g5 Nh7 {[#] E89: King's Indian: Sämisch: 6...e5 7 d5 c6 8 Nge2 cxd5} 13. Nc1 $1 f6 14. gxf6 Bxf6 {White is slightly better.} (14... Rxf6 15. Be2 Nc5 16. b4 Nd7 17. Nb3 Rf4 18. O-O-O Qf6 19. Kb1 Ng5 20. Bxf4 exf4 {1-0 (44) Bocharov,D (2602)-Fedorov,A (2565) Voronezh 2016}) 15. Rg1 $146 ({Predecessor:} 15. Be2 Bg5 16. Rg1 Bxe3 17. Qxe3 Kg7 18. Nd3 Qh4+ 19. Kd2 b6 20. Rg2 {1-0 (61) Raijmaekers,R (2483)-Knoll,H (2429) ICCF email 2014}) 15... Bh4+ {[%mdl 64] Discovered Attack} 16. Kd1 g5 ({Black should try} 16... Rxf3 $14 17. Be2 (17. Rxg6+ Kf7 $11) 17... Rh3) 17. Nd3 ({Better is} 17. Be2 $16) 17... Kh8 (17... Rxf3 $15 {stays ahead.} 18. Qe2 Qf8) 18. Be2 $16 Rf7 19. Rc1 Ndf8 {[#]} 20. Na4 $1 {[%cal Bc3a4,Ba4b6,Bb6c4,Bc4a5,Ba5c6][%mdl 32]} Bh3 21. Nb6 Rb8 22. Qb4 Ng6 23. Nc4 {Threatens to win with Bb6.} Rd7 24. Kc2 $36 {[%mdl 2048] White is on the roll.} b5 25. Na5 Qf6 26. Nc6 Re8 (26... Ra8 $16 27. a4 Nf4 28. Bxf4 gxf4 29. axb5 axb5 30. Qxb5 Rg7) 27. Qa3 Ra8 28. Kb1 Nf4 29. Nxf4 gxf4 30. Bb6 Rb7 31. Qa5 Nf8 32. Bf1 Bxf1 33. Rgxf1 Nd7 $2 {[#]} (33... Nh7 $16 34. Rg1 Rd7) 34. Bd8 $1 $18 {[%mdl 512] White is clearly winning.} Rxd8 35. Qxd8+ Qxd8 36. Nxd8 Bxd8 37. Rc8 Rb8 38. Rfc1 Kg7 39. Rxb8 Nxb8 40. Rc8 {[%mdl 64] Double Attack} Bb6 41. Rxb8 Bg1 42. h3 Kf6 43. Rh8 {Accuracy: White = 67%, Black = 32%.} 1-0

[Event "Peace Tournament 2018"]
[Site "Zagreb"]
[Date "2018.11.19"]
[Round "7.5"]
[White "Saric, Ivan"]
[Black "Cheparinov, Ivan"]
[Result "1-0"]
[WhiteElo "2692"]
[BlackElo "2711"]
[Annotator "TA"]
[PlyCount "97"]
[EventDate "2018.11.12"]
[EventType "tourn"]
[EventCountry "CRO"]
[SourceTitle "playchess.com"]
[Source "ChessBase"]
[SourceQuality "1"]

{[%evp 15,97,8,13,6,18,4,14,0,0,0,0,0,0,0,26,29,34,27,45,42,47,52,50,49,57,57,66,66,68,71,76,70,88,82,85,83,112,93,102,88,124,113,110,113,142,142,192,183,198,210,366,378,803,803,1190,1117,5297,5297,5181,5106,5206,4775,4782,4069,4014,2799,2615,2088,1841,1459,29966,29968,29967,29968,29971,29974,29974,29975,29975,29975,29975,29976,29972,29973]} 1. e4 e5 2. Nf3 Nc6 3. Bb5 Nf6 4. d3 Bc5 5. Bxc6 dxc6 6. Nbd2 {C65: Ruy Lopez: Berlin Defence (3...Nf6), unusual lines and 4 0-0 Bc5} Nd7 (6... Be6 7. O-O Nd7 8. Nb3 Bb6 9. Ng5 Bxb3 10. axb3 f6 11. Nf3 Nf8 12. Nd2 Qd7 13. Nc4 Ne6 {½-½ (54) Saric,I (2689)-Caruana,F (2827) Batumi 2018}) 7. O-O O-O 8. Nc4 f6 {LiveBook: 4 Games} 9. a4 a5 10. c3 Nb6 $146 ({Predecessor:} 10... Re8 11. Qc2 Nb6 12. Be3 Nxc4 13. Bxc5 Nd6 {½-½ (25) Gnutov,Y (2514)-Dmitriev,V (2386) ICCF email 2016}) 11. Nxa5 {[%mdl 64] Remove Defender} Rxa5 12. b4 {[%mdl 64] Double Attack} Rxa4 13. Rxa4 Nxa4 14. bxc5 b5 15. cxb6 Nxb6 16. d4 exd4 17. cxd4 Re8 18. Qc2 Ba6 19. Re1 Bb5 20. Bf4 Qd7 21. h3 Qf7 22. Bg3 Nc4 23. Qb1 Na3 24. Qc1 Nc4 25. Nh4 Nb6 26. Nf5 Nc8 27. Qc5 Qd7 28. f3 Ne7 29. Ne3 f5 30. exf5 Nd5 {[#]} 31. Be5 $1 Nxe3 32. Rxe3 Qxf5 $2 {[#]} (32... Rf8 33. g4 Qd5 34. Qxd5+ (34. Bxc7 Qxc5 35. dxc5 Kf7 $18) 34... cxd5 35. Bxc7 g6 36. fxg6 hxg6) 33. Bxg7 $1 $18 {[%mdl 512]} Qxc5 $2 (33... Qg6 34. Re4 Kxg7) (33... Kxg7 34. Qxf5) 34. Rxe8+ Kf7 35. dxc5 Kxe8 {[%mdl 4096] Endgame KB-KB} 36. Be5 Kf7 37. Kf2 Ke6 38. Bxc7 Bc4 39. g4 {[%cal Bg2g4,Bg4h5,Bh5h6][%mdl 32]} Kd5 40. Bd6 Bd3 41. Kg3 Bf1 42. h4 h5 43. gxh5 {White mates.} Ke6 44. Kf4 Bd3 45. Kg5 Bc2 46. h6 Kf7 47. f4 Ke6 48. h5 Bh7 49. Be5 {Accuracy: White = 92%, Black = 41%.} 1-0

[Event "Peace Tournament 2018"]
[Site "Zagreb"]
[Date "2018.11.19"]
[Round "7.6"]
[White "Palac, Mladen"]
[Black "Adhiban, B.."]
[Result "1/2-1/2"]
[WhiteElo "2548"]
[BlackElo "2682"]
[Annotator "TA"]
[PlyCount "68"]
[EventDate "2018.11.12"]
[EventType "tourn"]
[EventCountry "CRO"]
[SourceTitle "playchess.com"]
[Source "ChessBase"]
[SourceQuality "1"]

{[%evp 12,68,48,47,52,37,27,23,26,24,31,29,34,35,46,46,30,37,35,30,37,43,42,35,30,23,43,33,70,17,16,16,46,44,95,35,36,44,43,46,87,0,0,0,0,0,0,0,0,0,0,-66,-60,-137,6,10,54,32,74]} 1. e4 e5 2. Nf3 Nc6 3. Bb5 a6 4. Ba4 Nf6 5. O-O b5 6. Bb3 Bc5 7. a4 Rb8 {[#] C78: Ruy Lopez: Archangelsk and Möller Defences} (7... Nxe4 $2 8. axb5 Nxf2 9. Qe2 $18 (9. Rxf2 Bxf2+ 10. Kxf2 Nd4 $18)) 8. Nxe5 $1 {[%mdl 512]} Nxe5 9. d4 {[#]} Bxd4 $1 {[%mdl 512] White has an edge.} 10. Qxd4 d6 11. f3 O-O 12. Bf4 c5 13. Qd2 c4 14. Ba2 Be6 15. Nc3 {[#]} b4 $146 16. Ne2 b3 17. cxb3 cxb3 18. Bb1 $1 Nh5 {[%cal Bf6h5,Bh5f4,Bf4e6,Be6d4,Bd4c2][%mdl 32]} 19. Be3 Qf6 20. Nc3 ({But not} 20. Qxd6 $2 Rfd8 $19) (20. Qd1 $14) 20... Nc4 $11 21. Qf2 Nxe3 22. Qxe3 Bc4 (22... Rfc8 $14) 23. Re1 (23. Rd1 $16) 23... Nf4 $14 24. g3 Ne6 25. Bd3 Rfc8 {Black wants to play ...Nd4.} 26. Kg2 (26. Red1 $16) 26... Nd4 $11 27. Bxc4 Rxc4 28. Qd3 Rbc8 29. Rad1 h5 {aiming for ...Nc2.} 30. Rf1 Nc2 {[%cal Rc4c3] Threatens to win with ...Rxc3.} 31. Nd5 (31. Kg1 $11) 31... Qxb2 $15 {( -> ...Ne3+)} 32. Rf2 (32. Kh3 $1 $15 Kh7 33. e5+ g6 34. exd6) 32... Qe5 (32... Kh8 $17 {White must now prevent ...R8c5.} 33. Qe2 Rxa4) 33. Qxb3 $11 {Threatening Rdd2.} Kh7 34. Qb7 R8c5 {Accuracy: White = 54%, Black = 46%.} 1/2-1/2

[Event "Peace Tournament 2018"]
[Site "Zagreb"]
[Date "2018.11.20"]
[Round "8.1"]
[White "Ivanchuk, Vassily"]
[Black "Adhiban, B.."]
[Result "1/2-1/2"]
[WhiteElo "2714"]
[BlackElo "2682"]
[Annotator "TA"]
[PlyCount "111"]
[EventDate "2018.11.12"]
[EventType "tourn"]
[EventCountry "CRO"]
[SourceTitle "playchess.com"]
[Source "ChessBase"]
[SourceQuality "1"]

{[%evp 24,111,1,0,0,0,0,0,0,0,0,0,10,-20,-22,-16,-15,-20,-19,-17,-19,-17,-12,-27,-21,-45,-42,-43,-43,-35,-32,-19,-18,-76,-35,-45,-42,-46,-35,-30,-35,-43,-19,-24,-13,-15,-17,-14,-14,-14,-7,-10,0,0,0,0,4,0,0,0,0,0,0,0,0,0,0,0,0,-20,-20,-20,-20,-161,-158,-171,-14,-18,-20,-62,-15,-15,-15,-22,-22,-29,0,0,0,0]} 1. e4 c5 2. Nf3 d6 3. d4 cxd4 4. Nxd4 Nf6 5. Nc3 a6 6. Be2 e5 7. Nb3 Be7 8. O-O O-O 9. Kh1 b6 10. f3 Bb7 11. a4 Nc6 {B92: Sicilian Najdorf: 6 Be2} 12. Bg5 Nb4 13. Nb1 {[%cal Bc3b1,Bb1a3,Ba3c4][%mdl 32] LiveBook: 28 Games} a5 (13... h6 14. Bxf6 Bxf6 15. Na3 Qc7 16. c3 Nc6 17. Nc4 Rfd8 18. Qd3 Ne7 19. Qe3 {½-½ (39) Ivanchuk,V (2747)-Vachier Lagrave,M (2804) Doha 2016}) 14. Na3 d5 15. c3 Na6 16. Bxf6 Bxf6 17. exd5 Bxd5 {[#]} 18. Nc4 $146 ({Predecessor:} 18. Bc4 Bc6 19. Nb5 {½-½ (68) Tseshkovsky,V (2599)-Khismatullin,D (2583) Kazan 2005}) 18... Be6 19. Bd3 Qc7 20. Qe2 Bg5 21. Ncd2 Bxd2 22. Nxd2 Nc5 23. Bc2 Rad8 24. Rad1 Bc8 25. Rfe1 Ba6 26. Qf2 Nd3 27. Bxd3 Bxd3 28. Nb3 (28. Nb1 $11 {remains equal.}) 28... Bc4 29. Qc2 f6 30. h3 Rd7 31. Rxd7 Qxd7 32. Nd2 Bf7 33. Nf1 Qe6 34. f4 Qb3 35. Qxb3 Bxb3 36. fxe5 fxe5 $11 {[%mdl 4096] Endgame aiming for ...Rf2. KRB-KRN} 37. Kg1 Bxa4 38. Rxe5 Rd8 39. Re6 Bb3 40. Rxb6 a4 41. Kf2 Bc4 {And now ...Rf8+ would win.} 42. Nh2 Rd2+ 43. Kg3 Bb3 44. Nf3 Rxb2 {White must now prevent ...a3.} 45. Nd4 Rb1 46. Nxb3 Rxb3 {KR-KR} 47. Rc6 $1 a3 48. Kh2 {[#]} (48. Kf4 $1 $11) 48... Kf7 $1 $19 49. c4 {[#]} a2 $2 ({Black should play} 49... Ke7 $1 $19 {Threatens to win with ...Kd7.} 50. Ra6 Kd8) 50. Ra6 $11 Rb2 51. h4 Rc2 {[#]} 52. c5 $1 {[%mdl 512]} Ke7 (52... Rxc5 53. Rxa2) 53. Ra7+ Ke6 {...Kd5 is the strong threat.} 54. c6 h5 55. c7 Rxc7 56. Rxa2 {Accuracy: White = 60%, Black = 61%.} 1/2-1/2

[Event "Peace Tournament 2018"]
[Site "Zagreb"]
[Date "2018.11.20"]
[Round "8.2"]
[White "Cheparinov, Ivan"]
[Black "Palac, Mladen"]
[Result "1-0"]
[WhiteElo "2711"]
[BlackElo "2548"]
[Annotator "TA"]
[PlyCount "75"]
[EventDate "2018.11.12"]
[EventType "tourn"]
[EventCountry "CRO"]
[SourceTitle "playchess.com"]
[Source "ChessBase"]
[SourceQuality "1"]

{[%evp 25,75,29,28,10,20,27,27,0,0,14,58,69,66,59,70,73,73,69,79,73,39,35,89,94,88,75,102,104,120,123,150,152,135,121,152,143,264,271,268,254,312,249,734,734,894,798,3725,3045,5742,5493,29956,6422]} 1. e4 c5 2. Nf3 d6 3. d4 cxd4 4. Nxd4 Nf6 5. Nc3 a6 6. Be3 e5 7. Nb3 Be6 8. f3 h5 9. Qd2 Nbd7 10. O-O-O b5 {B90: Sicilian Najdorf: Unusual White 6th moves, 6 Be3 Ng4 and 6 Be3 e5} 11. Nd5 (11. Kb1 Rc8 12. g3 Be7 13. Nd5 Nxd5 14. exd5 Bf5 15. Bd3 Bxd3 16. Qxd3 O-O 17. Rhg1 f5 18. h3 {1-0 (47) Aronian,L (2767)-Vachier Lagrave,M (2779) Saint Louis 2018}) 11... Rc8 12. Kb1 Bxd5 13. exd5 Nb6 {LiveBook: 13 Games} 14. Qa5 Nbxd5 15. Bf2 $146 ({Predecessor:} 15. Bd2 Nc7 16. c4 Qd7 17. cxb5 axb5 18. Bg5 {½-½ (40) Llorach Gracia,T (2149)-Khanas,V (2093) ICCF email 2016}) 15... Qc7 16. Rc1 (16. Qxc7 {is more complex.} Nxc7 17. c4 g6 18. Bd3 Be7 19. Na5) 16... Qxa5 (16... g6 {with more complications.} 17. Qxa6 Bh6 18. Bxb5+ Kf8 19. c4 Bxc1 20. Nxc1 Kg7) 17. Nxa5 Be7 18. c4 bxc4 19. Bxc4 {aiming for Bb5+!} O-O 20. Rhd1 Nf4 21. Bf1 Rxc1+ 22. Rxc1 Ra8 23. Rc6 d5 ({Better is} 23... e4 $14) 24. g3 $16 Ne6 25. Rxa6 Rxa6 26. Bxa6 e4 27. Nc6 Bd6 28. fxe4 dxe4 29. a4 {[%cal Ba2a4,Ba4a5][%mdl 32]} Ng4 30. Bg1 Bc5 (30... Kf8 $16 {was necessary.} 31. a5 Ke8) 31. Bxc5 $18 Nxc5 {[%mdl 4096] Endgame KBN-KNN} 32. Bb5 Nxh2 33. a5 {And now b4 would win.} g5 $2 {[#]} (33... Kf8 34. b4 Nd7) 34. b4 {[%cal Bb2b4,Bb4c5][%mdl 32]} h4 35. gxh4 g4 36. bxc5 g3 37. Nd4 g2 38. Ne2 {Accuracy: White = 93%, Black = 38%.} 1-0

[Event "Peace Tournament 2018"]
[Site "Zagreb"]
[Date "2018.11.20"]
[Round "8.3"]
[White "Jovanovic, Zoran"]
[Black "Saric, Ivan"]
[Result "1/2-1/2"]
[WhiteElo "2537"]
[BlackElo "2692"]
[Annotator "TA"]
[PlyCount "89"]
[EventDate "2018.11.12"]
[EventType "tourn"]
[EventCountry "CRO"]
[SourceTitle "playchess.com"]
[Source "ChessBase"]
[SourceQuality "1"]

{[%evp 21,89,22,13,0,0,0,0,0,9,7,10,0,22,11,31,17,28,29,28,27,24,20,28,4,27,4,2,0,0,0,20,8,13,0,0,0,0,0,0,-14,0,0,0,0,0,0,0,0,0,0,0,0,0,0,0,0,0,0,0,0,0,0,0,0,0,0,0,0,0,0]} 1. e4 e5 2. Nf3 Nc6 3. Bc4 Nf6 4. d3 h6 5. O-O d6 6. c3 g6 7. d4 Qe7 8. dxe5 Nxe5 {C55: Two Knights: 4 d3, 4 d4 exd4 5 e5 and Max Lange Attack} 9. Nxe5 dxe5 10. Qe2 Bg7 11. b3 O-O {LiveBook: 6 Games} (11... Nh5 12. g3 Bd7 13. Qe3 Bh3 14. Rd1 O-O 15. Ba3 Rfd8 16. Rd5 Rxd5 17. exd5 {0-1 (42) Rodriguez Vila,A (2477)-Sadorra,J (2553) Batumi 2018}) 12. a4 Rd8 13. Ba3 Qe8 14. Nd2 {[%cal Bb1d2,Bd2f1,Bf1e3,Be3d5][%mdl 32]} a6 15. Rfd1 Bd7 16. a5 Bc6 $146 17. f3 h5 18. Nf1 Bh6 19. Bc5 Kg7 20. h4 Nd7 {[%cal Bf6d7,Bd7f8,Bf8e6][%mdl 32]} 21. Bf2 Nf8 22. Ne3 Ne6 23. g3 Bb5 {The position is equal.} 24. Nd5 Bxc4 25. Qxc4 Qb5 26. Qf1 Rd7 27. b4 Qxf1+ 28. Kxf1 Rad8 29. Ke2 f5 30. Ne3 Rxd1 31. Rxd1 Bxe3 32. Rxd8 Nxd8 33. Bxe3 $11 {[%mdl 4096] Endgame KB-KN} Nf7 34. Kd3 Kf6 35. c4 Ke6 36. Bc1 fxe4+ 37. fxe4 Kd7 38. c5 Nd8 39. Kc4 Nc6 40. Bb2 Ke6 41. Bc3 Na7 42. Bd2 Nc6 43. Bc3 Nb8 44. Bd2 c6 45. Bg5 {Accuracy: White = 57%, Black = 73%.} 1/2-1/2

[Event "Peace Tournament 2018"]
[Site "Zagreb"]
[Date "2018.11.20"]
[Round "8.4"]
[White "Malakhov, Vladimir"]
[Black "Amin, Bassem"]
[Result "1/2-1/2"]
[WhiteElo "2654"]
[BlackElo "2709"]
[Annotator "TA"]
[PlyCount "73"]
[EventDate "2018.11.12"]
[EventType "tourn"]
[EventCountry "CRO"]
[SourceTitle "playchess.com"]
[Source "ChessBase"]
[SourceQuality "1"]

{[%evp 22,73,12,5,10,0,24,24,24,23,23,16,16,23,25,12,41,41,41,39,60,60,66,62,64,52,52,52,58,57,78,78,78,58,58,0,78,0,58,54,58,27,28,0,54,0,30,6,6,0,0,0,0,0]} 1. Nf3 Nf6 2. g3 g6 3. b3 Bg7 4. Bb2 d6 5. d4 c5 6. Bg2 cxd4 7. Nxd4 d5 8. O-O O-O 9. c4 e5 {A49: 1 d4 Nf6 2 Nf3 g6 3 g3: Anti-King's Indian systems} (9... dxc4 10. Na3 cxb3 11. Qxb3 e5 12. Bxb7 Bxb7 13. Qxb7 Qd5 14. Qxd5 Nxd5 15. Ndb5 Nc6 16. Rfd1 Rfd8 17. Rac1 Ndb4 18. Rxd8+ Rxd8 19. Nc4 Nxa2 20. Ra1 Nab4 21. Nxa7 Ra8 22. Nxc6 Rxa1+ 23. Bxa1 Nxc6 {½-½ (23) Banusz,T (2612)-Predojevic,B (2624) Valjevo 2018}) 10. Nf3 e4 11. Nd4 dxc4 12. Nd2 {LiveBook: 4 Games} cxb3 13. Qxb3 Nc6 14. Nxc6 Qxd2 15. Ne7+ Kh8 16. Nxc8 Raxc8 17. e3 Qd3 $146 18. Rfd1 Qxb3 (18... Qc2 {seems wilder.} 19. Rac1 Qxb3 20. axb3 b6 21. h4 Kg8) 19. axb3 a6 20. Rac1 Kg8 21. Bxf6 Bxf6 22. Bxe4 b5 23. Rxc8 Rxc8 $14 {[%mdl 4096] Endgame KRB-KRB} 24. Rd6 Be7 25. Rxa6 Rc3 26. Bd5 Rc5 27. Bf3 Rc3 28. Bd5 Rc5 $1 {[%cal Rc5d5]} 29. Bf3 Rc3 $1 30. Ra7 Kf8 31. Ra8+ Kg7 32. Ra7 Kf8 $1 33. Ra8+ Kg7 34. Re8 Bf6 {The position is equal.} 35. Bd5 Rd3 36. e4 Bd4 37. Rb8 {Accuracy: White = 51%, Black = 79%.} 1/2-1/2

[Event "Peace Tournament 2018"]
[Site "Zagreb"]
[Date "2018.11.20"]
[Round "8.5"]
[White "Kozul, Zdenko"]
[Black "Zelcic, Robert"]
[Result "0-1"]
[WhiteElo "2612"]
[BlackElo "2508"]
[Annotator "TA"]
[PlyCount "90"]
[EventDate "2018.11.12"]
[EventType "tourn"]
[EventCountry "CRO"]
[SourceTitle "playchess.com"]
[Source "ChessBase"]
[SourceQuality "1"]

{[%evp 16,90,-26,-12,14,16,15,15,29,10,4,6,6,6,10,18,71,48,79,65,50,41,155,45,31,23,22,12,23,11,17,31,30,0,22,0,0,7,64,71,150,0,56,1,22,-667,-680,-685,-683,-695,-695,-626,-460,-499,-483,-640,-622,-580,-412,-451,-417,-417,-425,-528,-510,-520,-520,-511,-486,-523,-530,-507,-447,-858,-810,-1571,-1465]} 1. d4 Nf6 2. c4 e6 3. Nf3 d5 4. Bg5 dxc4 5. e4 b5 6. a4 c6 7. Nc3 Qb6 8. Bxf6 gxf6 9. Be2 {LiveBook: 65 Games} Bg7 $146 {D44: Semi-Slav: Botvinnik System} ({Predecessor:} 9... Bb7 10. O-O Nd7 11. axb5 cxb5 12. b3 Bb4 13. Na2 a5 14. bxc4 bxc4 15. Bxc4 Bxe4 16. Nxb4 Qxb4 17. Nd2 Bg6 {½-½ (33) Stocek,J (2567)-Ehlvest,J (2640) Philadelphia 2007}) 10. axb5 cxb5 11. b3 cxb3 {The position is equal.} 12. Bxb5+ Bd7 $1 {[%cal Rd7b5]} 13. Qxb3 O-O 14. O-O Rc8 15. Rfb1 Bf8 (15... a6 $11 {keeps the balance.}) 16. d5 Bxb5 17. Nxb5 Nd7 18. Nfd4 {[%cal Rd5e6]} exd5 {[#]} (18... Kh8 $14) 19. Nf5 ({Don't play} 19. Qxd5 $6 Ne5 $14) ({Don't blunder} 19. exd5 $2 a6 $19) (19. Qd1 $1 $16) 19... Rab8 $1 $14 20. Qxd5 Ne5 {...a6 is the strong threat.} 21. Qa2 Qc5 22. Nbd4 $36 {[%mdl 2048] Black is under pressure.} ({Much weaker is} 22. Nxa7 Rxb1+ 23. Qxb1 Ra8 $17) 22... Rxb1+ 23. Qxb1 Rd8 24. Ra4 Rb8 {[%cal Rb8b1]} 25. Qa1 Nd3 {White should prevent ...Rb2.} 26. h3 Rb7 (26... Rb2 $11 27. Rxa7 Qb4) 27. Qd1 Ne5 {[#]} (27... Qc1 $142 28. Qxc1 Nxc1) 28. Qa1 (28. Ne3 $1 $16) 28... Nd3 29. Ra5 ({White should play} 29. Qf1 $14 Ne5 30. Qd1) 29... Qc7 $11 {Threatens to win with ...Qb8.} 30. Qd1 $2 {[%mdl 8192]} (30. g3 $11) 30... Qxa5 $19 31. Qxd3 Qe1+ 32. Kh2 Qxf2 33. Nf3 {If only White now had time for Qd8....} Qc5 34. e5 Qc7 35. Qe4 Rb4 36. Qe1 Rb5 37. Qg3+ Kh8 38. Qh4 Qd8 39. N3d4 {Black is clearly winning.} Rb6 40. Nf3 Rb4 41. Qh5 Kg8 42. Ne3 Bg7 43. Nf5 Rf4 44. g3 (44. Kh1 $142) 44... Rb4 45. h4 Qd1 {Accuracy: White = 39%, Black = 63%.} 0-1

[Event "Peace Tournament 2018"]
[Site "Zagreb"]
[Date "2018.11.20"]
[Round "8.6"]
[White "Stevic, Hrvoje"]
[Black "Bacrot, Etienne"]
[Result "1/2-1/2"]
[WhiteElo "2589"]
[BlackElo "2677"]
[Annotator "TA"]
[PlyCount "44"]
[EventDate "2018.11.12"]
[EventType "tourn"]
[EventCountry "CRO"]
[SourceTitle "playchess.com"]
[Source "ChessBase"]
[SourceQuality "1"]

{[%evp 12,44,12,23,27,4,16,0,7,2,18,10,12,14,37,25,30,6,23,22,20,0,0,-8,-8,-8,-8,-11,10,0,0,0,0,-14,-10]} 1. e4 e5 2. Nf3 Nc6 3. Bb5 Nf6 4. O-O Nxe4 5. Re1 Nd6 6. Nxe5 Be7 7. Bf1 Nf5 {C67: Ruy Lopez: Berlin Defence: 4 0-0 Nxe4} (7... Nxe5 8. Rxe5 O-O 9. d4 Bf6 10. Re1 Re8 11. c3 Rxe1 12. Qxe1 Ne8 13. d5 c6 14. Nd2 cxd5 15. Nf3 d6 16. Be3 Nc7 17. Qd2 Bd7 18. g3 {½-½ (32) Giri,A (2780)-Caruana,F (2827) Batumi 2018}) 8. c3 (8. Nf3 {feels hotter.} O-O 9. d4 d5 10. c3 h6 11. Nbd2) 8... Nxe5 9. Rxe5 d6 10. Re1 O-O 11. d4 d5 12. Bd3 Bd6 13. Nd2 c6 14. Nf1 Bd7 $146 ({Predecessor:} 14... g6 15. Bd2 Be6 16. Qc1 Qd7 17. Bf4 Ng7 18. h3 Rfe8 19. Bxd6 Qxd6 20. Qd2 Bd7 21. Rxe8+ Rxe8 22. Re1 {½-½ (22) Zambor,N (2332)-Manik,M (2370) Slovakia 2013}) 15. Ng3 Nxg3 {The position is equal.} 16. hxg3 Qf6 17. Qf3 Qxf3 18. gxf3 Rfe8 19. Bd2 f5 20. f4 Kf7 21. Rxe8 Rxe8 22. Re1 Rxe1+ {Accuracy: White = 39%, Black = 71%.} 1/2-1/2

[Event "Peace Tournament 2018"]
[Site "Zagreb"]
[Date "2018.11.21"]
[Round "9.1"]
[White "Bacrot, Etienne"]
[Black "Ivanchuk, Vassily"]
[Result "1/2-1/2"]
[WhiteElo "2677"]
[BlackElo "2714"]
[Annotator "TA"]
[PlyCount "40"]
[EventDate "2018.11.12"]
[EventType "tourn"]
[EventCountry "CRO"]
[SourceTitle "playchess.com"]
[Source "ChessBase"]
[SourceQuality "1"]

{[%evp 17,40,26,37,34,28,12,47,5,6,-3,16,-10,-10,-10,-12,-13,-14,-8,-8,-8,42,-20,-10,-9,-9]} 1. e4 c5 2. Nf3 e6 3. d4 cxd4 4. Nxd4 Nc6 5. Nc3 a6 6. Nxc6 bxc6 7. Bd3 Qc7 8. O-O Nf6 9. Qe2 d5 10. Bg5 {B46: Sicilian: Taimanov: 5 Nc3 a6} Bb7 11. Rfe1 Bb4 12. e5 $146 {White is slightly better.} ({Predecessor:} 12. Bd2 Be7 13. e5 Nd7 14. Na4 c5 15. b3 c4 16. bxc4 dxc4 17. Be4 Bxe4 18. Qxe4 {½-½ (56) Amonatov,F (2592)-Rublevsky,S (2702) St Petersburg 2015}) 12... Nd7 $1 13. a3 Ba5 14. Rab1 c5 $1 {[%cal Rc5c4]} 15. b4 Bb6 {White must now prevent ...c4.} 16. bxc5 Nxc5 17. Be3 {[#] Rxb6! is the strong threat.} Ba5 18. Bd4 O-O 19. Rec1 ({Don't play} 19. Bxc5 Qxc5 20. Rxb7 Bxc3 $15) (19. Bxh7+ $14 Kxh7 20. Qh5+ Kg8 21. Re3) 19... Nxd3 20. cxd3 {And now Na4 would win.} Rfc8 {Accuracy: White = 48%, Black = 58%.} 1/2-1/2